| 000 | 00956nam a2200217 a 4500 | ||
|---|---|---|---|
| 005 | 20240110063557.0 | ||
| 008 | 991125s1981 mx 000 0 spa u | ||
| 020 | _a9688048887 | ||
| 035 | _aUPN01000036722 | ||
| 049 | _aCG | ||
| 050 | 4 |
_aLB1117 _bM3.6 |
|
| 245 | 0 | 0 |
_aManual pedagógico para lactantes / _cresponsable del programa Lourdes O. Rodríguez Andión. |
| 260 |
_aMéxico : _bSEP, Dirección General de Educación Inicial, _c1981. |
||
| 300 |
_a5 v. : _bil. |
||
| 505 | 8 |
_aContenido: _gv.1. _tPrograma pedagógico para lactantes 0-18 meses de edad -- _gv.2. _tDescripción del manual pedagógico para lactantes -- _gv.3. _tUnidad I de 45 días-6 meses -- _gv.4. _tunidad II de 7-12 meses -- _gv.5. _tUnidad III de 13-18 meses |
|
| 650 | 4 |
_aNIÑOS LACTANTES - _xCUIDADO E HIGIENE |
|
| 650 | 4 |
_aNiños _xSalud e higiene _94876 |
|
| 650 | 4 |
_aCENTROS DE DESARROLLO INFANTIL _96309 |
|
| 700 | 1 |
_aRodríguez Andión, Lourdes O., _edir. _929609 |
|
| 905 | _aLibro | ||
| 999 |
_c36722 _d36722 |
||